书目信息 |
| 题名: |
劳动监察概论
|
|
| 作者: | 曾虹文 主编 | |
| 分册: | ||
| 出版信息: | 北京 中国劳动出版社 2004.02 |
|
| 页数: | 258页 | |
| 开本: | 20cm | |
| 丛书名: | ||
| 单 册: | ||
| 中图分类: | F249.276.53 | |
| 科图分类: | ||
| 主题词: | 劳动管理--监察--深圳市 | |
| 电子资源: | ||
| ISBN: | 7-5045-4231-8 | |
| 000 | 00835nam0 2200229 45 | |
| 001 | 0107151795 | |
| 005 | 20050831205111.92 | |
| 010 | @a7-5045-4231-8@dCNY26.00 | |
| 100 | @a20040715d2004 km y0chiy0120 ea | |
| 101 | 0 | @achi |
| 102 | @aCN@b110000 | |
| 105 | @ay z 000yy | |
| 200 | 1 | @a劳动监察概论@Alao dong jian cha gai lun@e深圳市劳动监察理论与实践@f曾虹文主编 |
| 210 | @a北京@c中国劳动出版社@d2004.02 | |
| 215 | @a258页@d20cm | |
| 330 | @a本书包括:劳动监察概述、劳动监察的发展历程、劳动监察具体内容、劳动监察方式与手段、劳动监察证据论、劳动监察程序等11章。 | |
| 517 | 1 | @a深圳市劳动监察理论与实践@AShen Zhen Shi Lao Dong Jian Cha Li Lun Yu Shi Jian |
| 606 | 0 | @a劳动管理@x监察@y深圳市 |
| 690 | @aF249.276.53@v4 | |
| 701 | 0 | @a曾虹文@ACeng Hong Wen@4主编 |
| 801 | 0 | @aCN@bQSSK@c20050831 |
| 905 | @a10447@dF249.276.53@eZ026 | |
| 劳动监察概论:深圳市劳动监察理论与实践/曾虹文主编.-北京:中国劳动出版社,2004.02 |
| 258页;20cm |
| ISBN 7-5045-4231-8:CNY26.00 |
| 本书包括:劳动监察概述、劳动监察的发展历程、劳动监察具体内容、劳动监察方式与手段、劳动监察证据论、劳动监察程序等11章。 |
| ● |
| 相关链接 |
|
|
|
正题名:劳动监察概论
索取号:F249.276.53/Z026
 
预约/预借
| 序号 | 登录号 | 条形码 | 馆藏地/架位号 | 状态 | 备注 |
| 1 | 565669 | 205656690 | 社科库409/400A自科库 9排3列4层/ [索取号:F249.276.53/Z026] | 在馆 | |
| 2 | 565670 | 205656707 | 社科库409/400A自科库 9排3列4层/ [索取号:F249.276.53/Z026] | 在馆 | |
| 3 | 565671 | 205656716 | 社科库409/400A自科库 9排3列4层/ [索取号:F249.276.53/Z026] | 在馆 |